| 000 | 00668cam a2200229 4500 | ||
|---|---|---|---|
| 001 | 646 | ||
| 005 | 20181127161807.0 | ||
| 008 | 050805s2006 nyu 000 1 eng | ||
| 010 | _a 2005051940 | ||
| 020 | _a0385336128 | ||
| 020 | _a9780385336123 | ||
| 043 | _an-us-ma | ||
| 100 | 1 | _aGoodman, Allegra. | |
| 245 | 1 | 0 |
_aIntuition : _ba novel / _cAllegra Goodman. |
| 260 |
_aNew York : _bDial Press, _c2006. |
||
| 300 |
_a344 p. ; _c25 cm. |
||
| 650 | 0 |
_aCancer _xResearch _vFiction. |
|
| 650 | 0 |
_aResearch _xMoral and ethical aspects _vFiction. |
|
| 650 | 0 |
_aResearch institutes _vFiction. |
|
| 651 | 0 |
_aCambridge (Mass.) _vFiction. |
|
| 655 | 7 |
_aPsychological fiction. _2lcsh |
|
| 999 |
_c476 _d476 |
||